La Guerra en el Norte (Record no. 99624)

MARC details
000 -LEADER
campo de control de longitud fija 00785nam a2200217 i 4500
001 - NÚMERO DE CONTROL
campo de control 99624
003 - IDENTIFICADOR DE NÚMERO DE CONTROL
campo de control ES-MaACL
005 - FECHA Y HORA DE LA ÚLTIMA TRANSACCIÓN
campo de control 20230906182528.0
007 - CAMPO FIJO DE DESCRIPCIÓN FÍSICA--INFORMACIÓN GENERAL
campo de control de longitud fija t|
008 - DATOS DE LONGITUD FIJA--INFORMACIÓN GENERAL
campo de control de longitud fija 050914s1969 sp ||||1| spa d
100 1# - ENTRADA PRINCIPAL--NOMBRE DE PERSONA
Nombre de persona Martínez Bande, José Manuel.
9 (RLIN) 77883
245 13 - MENCIÓN DEL TÍTULO
Título La Guerra en el Norte
Resto del título : (hasta el 31 de marzo de 1937) /
Mención de responsabilidad, etc. José Manuel Martínez Bande.
260 ## - PUBLICACIÓN, DISTRIBUCIÓN, ETC.
Lugar de publicación, distribución, etc. Madrid :
Nombre del editor, distribuidor, etc. San Martín,
Fecha de publicación, distribución, etc. 1969.
300 ## - DESCRIPCIÓN FÍSICA
Extensión 295 p., 12 lám., 16 map. pleg. col. ;
Dimensiones 24 cm.
490 1# - MENCIÓN DE SERIE
Mención de serie Monografías de la Guerra de España ;
Designación de volumen o secuencia 4
500 ## - NOTA GENERAL
Nota general Precede al tít.: Servicio Histórico Militar.
710 1# - ENTRADA AGREGADA--NOMBRE DE ENTIDAD CORPORATIVA
Nombre de entidad corporativa o nombre de jurisdicción como elemento de entrada España.
Unidad subordinada Servicio Histórico Militar.
9 (RLIN) 3980
830 0# - PUNTO DE ACCESO ADICIONAL DE SERIE-TÍTULO UNIFORME
Título uniforme Monografías de la Guerra de España ;
Designación de volumen o secuencia 4
9 (RLIN) 184535
852 ## - LOCALIZACIÓN
Ubicación ES-MaACL
Número de control de estantería C-37911
Sublocalización o colección R.72098
Holdings
Estatus retirado Estado de pérdida Estado de daño No para préstamo Biblioteca de origen Biblioteca actual Ubicación en estantería Fecha de adquisición Fuente de adquisición Total de préstamos Signatura topográfica completa Código de barras Visto por última vez Precio de reemplazo Tipo de ítem Koha
        Biblioteca del Ateneo de Madrid Biblioteca del Ateneo de Madrid Depósito 2 17/01/2008     C-37911 1104025 23/02/2023 23/02/2023 Libro impreso